000 00563nam a2200193Ia 4500
003 GCL
008 140319s9999 xx 000 0 eng d
040 _aGCL /
_cGCL
082 0 4 _a305.231
_bH Y
100 1 _aHENRY, MARGARET
245 1 0 _aYOUNG CHILDREN, PARENTS AND PROFESSIONAL: ENHANCING THE LINKS IN EARLY CHILDHOOD /
_cHENRY, MARGARET
260 _a[S.N] :
_bROUTLEDGE ،
_c1996
300 _a218 P
650 0 4 _aEARLY CHILDHOOD EDUCATION
650 0 4 _aCHILD CARE WORKS
650 0 4 _aCHILD REARING
650 0 4 _aCHILD - DEVELOPMENT
942 _2ddc
_cBK
999 _c13224
_d13224